00753nam a2200217 i 450000100060000000300090000600500170001500700030003200800410003502000180007608000120009410000300010624500600013626000570019630000390025350400410029265000300033385200330036399900170039695201220041366953ES-MaACL20230906165917.0t|040423s1991 xxk ||||1| eng d a0-7190-2936-8 a738.0321 aSparkes, Brian A.910764310aGreek pottery b: an introduction / cBrian A. Sparkes. aManchester : bManchester University Press, c[1991] a186 p. : bil. bl. y n. ; c24 cm. aBibliografía p. [155]-181. Indice. 4aCerámica griega.910894 aES-MaACLjL-27451 bR.133268 c66953d66953 00104070aATENEOMbATENEOMcDEPO2d2008-01-17eSCl0oL-27451p1070125r2023-02-23 00:00:00w2023-02-23yMONOGRAFIA